000 00202nam a2200085 4500
001 1257559
005 20260216145247.0
245 _aASLAN KALEMTIRAŞ KUMBARASI
_cMELİKE GÜNYÜZ
260 _bERDEM YAYINLARI
999 _c1257559
_d1257559